Holiday Quiz

Random Holiday or Halloween Quiz
Score 0/18 Timer 03:00
0 Plays Today
Scramble Monster % Correct
PMIIMP
94.4%
UMYMMMUMMY
93.5%
TEELSKONSKELETON
93.2%
OSHTGGHOST
93.1%
CWIHTWITCH
92.3%
NDEMODEMON
91.2%
KENSTIFRAENNFRANKENSTEIN('S MONSTER)
90.4%
IDVLEDEVIL
90.1%
LBGOINGOBLIN
89.9%
Scramble Monster % Correct
HUGOLGHOUL
89.5%
RLOTLTROLL
88.2%
ROWLFEEWWEREWOLF
86.3%
MVERIPAVAMPIRE
82.2%
ITPRSISPIRIT
80.7%
AGGLOYERGARGOYLE
66.5%
ENEHBSABANSHEE
63.1%
TPESCERSPECTRE
56.9%
UUCBSUSCSUCCUBUS
53.6%

You're not logged in!

Compare scores with friends on all Sporcle quizzes.
OR
Log In

Sporcle TV

Today on Sporcle TV


Watch our educational content, quiz creation guides, and fun videos on Sporcle TV.

Show Comments

Extras

Top Quizzes Today


Score Distribution

Paid Content

Your Account Isn't Verified!

In order to create a playlist on Sporcle, you need to verify the email address you used during registration. Go to your Sporcle Settings to finish the process.

Report this User

Report this user for behavior that violates our Community Guidelines.

Details: